[Event "Hanoi HD Bank op-A 8th"]
[Site "Hanoi"]
[Date "2018.03.10"]
[Round "1"]
[White "Alfred, Nathan"]
[Black "Czebe, Attila"]
[Result "1-0"]
[WhiteElo "2208"]
[BlackElo "2436"]
[PlyCount "44"]
[EventDate "2018.03.10"]
[EventType "swiss"]
[EventRounds "9"]
[EventCountry "VIE"]
[SourceTitle "CBM 183 Extra"]
[Source "ChessBase"]
[SourceDate "2018.04.19"]
[SourceVersion "1"]
[SourceVersionDate "2018.04.19"]
[SourceQuality "1"]

1. d4 Nf6 2. Nf3 b6 3. c4 Bb7 4. Nc3 g6 5. d5 Bg7 6. e4 0-0 7. g3 e6 8. Bg2 exd5 9. e5 Ng4 10. Nxd5 Nxe5 11. Nxe5 Bxe5 12. 0-0 Bxd5 13. Qxd5 Nc6 14. Rd1 Qf6 15. Bh6 Rfe8 16. f4 Bxb2 17. Rab1 Ne7 18. Qd3 Nf5 19. Bg5 Qd4+ 20. Kh1 Qf2 21. Bxa8 Rxa8 22. Qxd7 Bc3 1-0

[Event "Maccabiah IM-A"]
[Site "Jerusalem"]
[Date "2017.07.12"]
[Round "7"]
[White "Alfred, Nathan"]
[Black "Tifferet, Shaked"]
[Result "1-0"]
[WhiteElo "2227"]
[BlackElo "2236"]
[PlyCount "69"]
[EventDate "2017.07.05"]
[EventType "tourn"]
[EventRounds "9"]
[EventCountry "ISR"]
[EventCategory "3"]
[SourceTitle "CBM 179 Extra"]
[Source "ChessBase"]
[SourceDate "2017.08.23"]
[SourceVersion "1"]
[SourceVersionDate "2017.08.23"]
[SourceQuality "1"]

1. d4 Nf6 2. Nf3 g6 3. c4 Bg7 4. Nc3 d5 5. cxd5 Nxd5 6. e4 Nxc3 7. bxc3 c5 8. Rb1 0-0 9. Be2 b6 10. 0-0 Bb7 11. Bd3 Qc7 12. Qe2 e6 13. Rd1 Nc6 14. Be3 Rfd8 15. Rbc1 Rac8 16. Bg5 Ne7 17. Qe3 Qd7 18. Ne5 cxd4 19. Qf4 Qe8 20. Bb5 Qf8 21. Nd7 Rxd7 22. Bxd7 e5 23. Qh4 f6 24. Bxc8 Bxc8 25. Bd2 Nc6 26. Qg3 Be6 27. Qd3 f5 28. Qb5 Ne7 29. cxd4 exd4 30. exf5 Nxf5 31. Re1 Qf7 32. Qc6 Bxa2 33. Re8+ Bf8 34. Bb4 Bd5 35. Qc8 1-0

[Event "Paleochora op 9th"]
[Site "Paleochora"]
[Date "2016.07.25"]
[Round "7"]
[White "Volodin, Aleksandr"]
[Black "Alfred, Nathan"]
[Result "1-0"]
[WhiteElo "2489"]
[BlackElo "2264"]
[PlyCount "115"]
[EventDate "2016.07.20"]
[EventType "swiss"]
[EventRounds "9"]
[EventCountry "GRE"]
[SourceTitle "EXT 2017"]
[Source "ChessBase"]
[SourceDate "2016.10.25"]
[SourceVersion "1"]
[SourceVersionDate "2016.10.25"]
[SourceQuality "1"]

1. d4 Nf6 2. c4 g6 3. Nc3 Bg7 4. e4 d6 5. f3 0-0 6. Be3 c5 7. dxc5 dxc5 8. Qxd8 Rxd8 9. Bxc5 Nc6 10. Be3 Be6 11. Nd5 Bxd5 12. cxd5 Nb4 13. 0-0-0 e6 14. a3 Rac8+ 15. Kb1 Nc6 16. Bc4 Ne7 17. Bb3 exd5 18. e5 Ne8 19. Bg5 Rd7 20. Bxe7 Rxe7 21. f4 Nc7 22. Bxd5 Nxd5 23. Rxd5 f6 24. Nf3 Rc4 25. g3 Rc8 26. Re1 fxe5 27. fxe5 Rf8 28. Re3 Bh6 29. Red3 Bg7 30. Kc2 Rc7+ 31. Kb3 Rcf7 32. Nd2 a6 33. a4 Re7 34. Nc4 Rf2 35. h4 h5 36. a5 Rf5 37. Rd8+ Rf8 38. R3d7 Kf7 39. Rxf8+ Kxf8 40. Rd5 Kf7 41. Kc3 Rc7 42. Kd4 Bf8 43. b3 Be7 44. Ne3 Ke6 45. Ng2 g5 46. hxg5 Bxg5 47. Ke4 Rc3 48. Nf4+ Bxf4 49. Rd6+ Ke7 50. gxf4 Rxb3 51. Rh6 Kf7 52. Rxh5 Rb5 53. f5 Rxa5 54. Rh7+ Kg8 55. Rxb7 Rc5 56. f6 a5 57. e6 a4 58. Rb8+ 1-0

[Event "Paleochora op 9th"]
[Site "Paleochora"]
[Date "2016.07.23"]
[Round "5"]
[White "Kokkalis, Haralabos"]
[Black "Alfred, Nathan"]
[Result "1/2-1/2"]
[WhiteElo "2040"]
[BlackElo "2264"]
[PlyCount "78"]
[EventDate "2016.07.20"]
[EventType "swiss"]
[EventRounds "9"]
[EventCountry "GRE"]
[SourceTitle "EXT 2017"]
[Source "ChessBase"]
[SourceDate "2016.10.25"]
[SourceVersion "1"]
[SourceVersionDate "2016.10.25"]
[SourceQuality "1"]

1. e4 c5 2. Nf3 d6 3. d4 cxd4 4. Nxd4 Nf6 5. Nc3 a6 6. Be3 e5 7. Nb3 Be6 8. f3 Be7 9. Qd2 0-0 10. 0-0-0 Nbd7 11. g4 b5 12. Kb1 b4 13. Nd5 Bxd5 14. exd5 a5 15. g5 Nh5 16. Rg1 a4 17. Nc1 Qa5 18. Rg4 Rfb8 19. Bh3 g6 20. Rc4 Rb7 21. Bxd7 Rxd7 22. Qxb4 Qd8 23. h4 f6 24. Rg1 fxg5 25. hxg5 Ng7 26. Ne2 Nf5 27. Bc1 Rda7 28. Qd2 Ra5 29. Rgg4 Qd7 30. c3 Bd8 31. Rce4 Qb7 32. Rb4 Qf7 33. c4 R5a6 34. Qd3 Bb6 35. Ng3 Bc5 36. Rb5 Nd4 37. Ne4 Nxb5 38. cxb5 R6a7 39. Nf6+ Kg7 1/2-1/2

[Event "Paris-ch 91st"]
[Site "Paris"]
[Date "2016.07.13"]
[Round "5"]
[White "Alfred, Nathan"]
[Black "Kambrath, Yannick"]
[Result "1-0"]
[WhiteElo "2264"]
[BlackElo "2376"]
[PlyCount "69"]
[EventDate "2016.07.09"]
[EventType "swiss"]
[EventRounds "9"]
[EventCountry "FRA"]
[SourceTitle "CBM 173 Extra"]
[Source "ChessBase"]
[SourceDate "2016.08.29"]
[SourceVersion "1"]
[SourceVersionDate "2016.08.29"]
[SourceQuality "1"]

1. d4 Nf6 2. c4 e6 3. Nf3 b6 4. g3 Bb7 5. Bg2 g6 6. Bg5 h6 7. Bf4 g5 8. Bc1 Bg7 9. 0-0 0-0 10. h4 g4 11. Nh2 Bxg2 12. Kxg2 d5 13. Nc3 c5 14. e4 cxd4 15. e5 dxc3 16. exf6 Qxf6 17. Nxg4 Qg6 18. h5 Qe4+ 19. f3 Qxc4 20. Bxh6 Bxh6 21. Nxh6+ Kh7 22. Ng4 f5 23. Rc1 fxg4 24. Rxc3 gxf3+ 25. Rfxf3 Qe4 26. Rce3 Qb4 27. Qc2+ Kh8 28. Rxe6 Rxf3 29. Rh6+ Kg8 30. Qh7+ Kf8 31. Qh8+ Kf7 32. Rh7+ Ke6 33. Qe8+ Kd6 34. Qe7+ Kc6 35. Qxb4 1-0

[Event "Paris-ch 91st"]
[Site "Paris"]
[Date "2016.07.09"]
[Round "1"]
[White "Mohammad, Nubairshah Shaikh"]
[Black "Alfred, Nathan"]
[Result "1-0"]
[WhiteElo "2415"]
[BlackElo "2264"]
[PlyCount "61"]
[EventDate "2016.07.09"]
[EventType "swiss"]
[EventRounds "9"]
[EventCountry "FRA"]
[SourceTitle "CBM 173 Extra"]
[Source "ChessBase"]
[SourceDate "2016.08.29"]
[SourceVersion "1"]
[SourceVersionDate "2016.08.29"]
[SourceQuality "1"]

1. d4 Nf6 2. c4 g6 3. Nc3 Bg7 4. e4 d6 5. h3 0-0 6. Bg5 c5 7. d5 a6 8. a4 Qa5 9. Bd2 e6 10. Bd3 Nbd7 11. Nf3 Qc7 12. 0-0 Nh5 13. Qc2 Ne5 14. Be2 Qe7 15. Nxe5 Bxe5 16. Bh6 Bg7 17. Bxg7 Kxg7 18. f4 f5 19. e5 dxe5 20. fxe5 Bd7 21. Rad1 Kh8 22. Qb3 Rg8 23. Rf2 Rg7 24. Qxb7 Rag8 25. dxe6 Qxe6 26. Rd6 Qe8 27. Qd5 Bc8 28. e6 Bb7 29. Qe5 Qb8 30. Nd5 f4 31. Nxf4 1-0

[Event "Jerusalem 4 Seasons"]
[Site "Jerusalem"]
[Date "2015.07.23"]
[Round "9"]
[White "Alfred, Nathan"]
[Black "Nedobora, Mikhail"]
[Result "0-1"]
[WhiteElo "2276"]
[BlackElo "2379"]
[PlyCount "64"]
[EventDate "2015.07.13"]
[EventType "tourn"]
[EventRounds "9"]
[EventCountry "ISR"]
[EventCategory "4"]
[SourceTitle "EXT 2016"]
[Source "ChessBase"]
[SourceDate "2015.10.08"]
[SourceVersion "1"]
[SourceVersionDate "2015.10.08"]
[SourceQuality "1"]

1. d4 Nf6 2. Nf3 g6 3. c4 Bg7 4. Nc3 d6 5. e4 0-0 6. Be2 e5 7. d5 a5 8. Bg5 h6 9. Be3 Ng4 10. Bd2 Na6 11. h3 Nf6 12. Be3 Nd7 13. g4 Ndc5 14. Qd2 Kh7 15. Nh2 Bd7 16. Nf1 Qh4 17. Ng3 Bf6 18. Nd1 Nb4 19. b3 Bg5 20. Rb1 Bf4 21. a3 Bxg3 22. axb4 Nxe4 23. Qc2 f5 24. fxg3 Qxg3+ 25. Bf2 Nxf2 26. Nxf2 e4 27. Rf1 e3 28. Kd1 exf2 29. bxa5 fxg4 30. hxg4 Rae8 31. Qd3 Qe5 32. Kd2 Rf4 0-1

[Event "Jerusalem 4 Seasons"]
[Site "Jerusalem"]
[Date "2015.07.19"]
[Round "5"]
[White "Alfred, Nathan"]
[Black "Flom, Gabriel"]
[Result "1/2-1/2"]
[WhiteElo "2276"]
[BlackElo "2449"]
[PlyCount "84"]
[EventDate "2015.07.13"]
[EventType "tourn"]
[EventRounds "9"]
[EventCountry "ISR"]
[EventCategory "4"]
[SourceTitle "EXT 2016"]
[Source "ChessBase"]
[SourceDate "2015.10.08"]
[SourceVersion "1"]
[SourceVersionDate "2015.10.08"]
[SourceQuality "1"]

1. d4 Nf6 2. Nf3 e6 3. c4 d5 4. Nc3 Bb4 5. cxd5 exd5 6. Bg5 Nbd7 7. Qb3 c5 8. a3 Qa5 9. Bxf6 Nxf6 10. Rc1 Bxc3+ 11. Qxc3 Qxc3+ 12. Rxc3 c4 13. e3 0-0 14. Nd2 Re8 15. Be2 b5 16. 0-0 a5 17. Bf3 Bf5 18. h3 b4 19. Rcc1 Bd3 20. Rfe1 bxa3 21. bxa3 Rab8 22. g4 g5 23. Nb1 Bxb1 24. Rxb1 a4 25. Rb4 Rxb4 26. axb4 Kf8 27. Ra1 Ra8 28. Ra3 Ke7 29. Bd1 Ne4 30. Rxa4 Rxa4 31. Bxa4 Nd2 32. b5 Kd6 33. Kg2 Kc7 34. f3 Kb6 35. Kf2 h6 36. Ke2 Nb1 37. Bc2 Na3 38. Bh7 Nxb5 39. Bg8 Nd6 40. e4 dxe4 41. fxe4 Nxe4 42. Bxf7 Kb5 1/2-1/2

[Event "Jerusalem 4 Seasons"]
[Site "Jerusalem"]
[Date "2015.07.13"]
[Round "1"]
[White "Alfred, Nathan"]
[Black "Dvoirys, Semen I"]
[Result "0-1"]
[WhiteElo "2276"]
[BlackElo "2550"]
[PlyCount "54"]
[EventDate "2015.07.13"]
[EventType "tourn"]
[EventRounds "9"]
[EventCountry "ISR"]
[EventCategory "4"]
[SourceTitle "EXT 2016"]
[Source "ChessBase"]
[SourceDate "2015.10.08"]
[SourceVersion "1"]
[SourceVersionDate "2015.10.08"]
[SourceQuality "1"]

1. d4 Nf6 2. Nf3 g6 3. c4 Bg7 4. Nc3 d5 5. cxd5 Nxd5 6. e4 Nxc3 7. bxc3 c5 8. Rb1 0-0 9. Be2 Nd7 10. 0-0 Nf6 11. Bd3 b6 12. h3 Bb7 13. Qe2 Qc7 14. d5 Nh5 15. c4 Nf4 16. Qc2 e6 17. Re1 Nxd3 18. Qxd3 exd5 19. exd5 Rfe8 20. Bb2 Ba6 21. Bc3 Qf4 22. Bxg7 Kxg7 23. Qc3+ f6 24. Rxe8 Rxe8 25. Re1 Qxc4 26. Qd2 Rxe1+ 27. Nxe1 Qe2 0-1

[Event "Paris-ch op 90th"]
[Site "Paris"]
[Date "2015.07.12"]
[Round "9"]
[White "Samoun, Florent"]
[Black "Alfred, Nathan"]
[Result "0-1"]
[WhiteElo "2244"]
[BlackElo "2276"]
[PlyCount "82"]
[EventDate "2015.07.04"]
[EventType "swiss"]
[EventRounds "9"]
[EventCountry "FRA"]
[SourceTitle "CBM 167 Extra"]
[Source "ChessBase"]
[SourceDate "2015.09.14"]
[SourceVersion "1"]
[SourceVersionDate "2015.09.14"]
[SourceQuality "1"]

1. Nf3 c5 2. e4 d6 3. g3 Nc6 4. Bg2 g6 5. 0-0 Bg7 6. c3 e5 7. d3 Nge7 8. a3 0-0 9. b4 h6 10. b5 Nb8 11. Nbd2 a6 12. Rb1 axb5 13. Rxb5 b6 14. Nc4 Ba6 15. Rb3 b5 16. Ne3 Nbc6 17. Qe2 Rc8 18. Rd1 Kh7 19. h4 Qa5 20. Qc2 Nd4 21. cxd4 cxd4 22. Qb1 dxe3 23. Bxe3 Rc3 24. d4 Rxb3 25. Qxb3 Bc8 26. Bd2 Qa6 27. dxe5 dxe5 28. Bf1 Bg4 29. Rb1 Qa8 30. Qe3 f5 31. Rxb5 f4 32. Qc5 fxg3 33. Qxe7 gxf2+ 34. Kh2 Bxf3 35. Rb7 Rg8 36. Kg3 Bxe4 37. Rd7 Qf8 38. Qxf8 Rxf8 39. Kh2 Rf3 40. a4 Ra3 41. Bb5 Rd3 0-1

[Event "Paris-ch op 90th"]
[Site "Paris"]
[Date "2015.07.11"]
[Round "8"]
[White "Alfred, Nathan"]
[Black "Dionisi, Thomas"]
[Result "0-1"]
[WhiteElo "2276"]
[BlackElo "2387"]
[PlyCount "66"]
[EventDate "2015.07.04"]
[EventType "swiss"]
[EventRounds "9"]
[EventCountry "FRA"]
[SourceTitle "CBM 167 Extra"]
[Source "ChessBase"]
[SourceDate "2015.09.14"]
[SourceVersion "1"]
[SourceVersionDate "2015.09.14"]
[SourceQuality "1"]

1. d4 f5 2. Nf3 Nf6 3. g3 g6 4. Bg2 Bg7 5. 0-0 0-0 6. c4 d6 7. d5 c6 8. Nd4 Qb6 9. Nc3 Bd7 10. Rb1 Ng4 11. e3 Na6 12. b4 c5 13. bxc5 Qxc5 14. Rxb7 Qc8 15. Rxd7 Qxd7 16. Ncb5 Rfc8 17. Ne6 Rxc4 18. Nbd4 Qa4 19. Qe2 Nc5 20. Nxg7 Kxg7 21. Bb2 Nf6 22. g4 fxg4 23. h3 gxh3 24. Bxh3 Qa6 25. Qf3 Qxa2 26. Ba1 Rb8 27. Qg3 Nce4 28. Ne6+ Kh8 29. Qh4 Qe2 30. Nf4 g5 31. Qh6 gxf4 32. Kh2 Rg8 33. Bf5 Nc3 0-1

[Event "BCF-chT1b 1314 (4NCL)"]
[Site "England"]
[Date "2013.11.16"]
[Round "1.163"]
[White "Alfred, Nathan"]
[Black "Hambleton, Aman"]
[Result "0-1"]
[WhiteElo "2267"]
[BlackElo "2481"]
[PlyCount "74"]
[EventDate "2013.11.16"]
[EventType "team-tourn"]
[EventRounds "7"]
[EventCountry "ENG"]
[SourceTitle "EXT 2015"]
[Source "ChessBase"]
[SourceDate "2014.11.20"]
[SourceVersion "1"]
[SourceVersionDate "2014.11.20"]
[SourceQuality "1"]
[WhiteTeam "Cambridge"]
[BlackTeam "Guildford II"]
[WhiteTeamCountry "ENG"]
[BlackTeamCountry "ENG"]

1. d4 e6 2. Nf3 Nf6 3. c4 b6 4. g3 Ba6 5. Nbd2 Bb4 6. a3 Bxd2+ 7. Nxd2 Bb7 8. f3 d5 9. b4 Nbd7 10. Bb2 Qe7 11. Qc2 0-0 12. Bh3 c5 13. dxc5 bxc5 14. 0-0 cxb4 15. axb4 Qxb4 16. Bd4 Qd6 17. c5 Qc7 18. Rfb1 a5 19. Ra2 Bc6 20. Qc3 e5 21. Bf2 a4 22. Qe3 Rab8 23. Rc1 Rb4 24. Bf5 Rfb8 25. Bc2 d4 26. Qa3 Nxc5 27. Bxh7+ Kxh7 28. Rxc5 Qd6 29. Rc1 Bd5 30. Qd3+ g6 31. Rac2 Kg7 32. Be1 Qe6 33. Rc7 R4b7 34. Nf1 Rb3 35. Qd2 Rb2 36. Qg5 Rxe2 37. Bd2 Qh3 0-1

[Event "BCF-chTd 1112 (4NCL)"]
[Site "England"]
[Date "2012.04.01"]
[Round "8.75"]
[White "Alfred, Nathan"]
[Black "Merry, Alan B"]
[Result "0-1"]
[WhiteElo "2284"]
[BlackElo "2130"]
[PlyCount "108"]
[EventDate "2011.11.12"]
[EventType "team-swiss"]
[EventRounds "11"]
[EventCountry "ENG"]
[SourceTitle "EXT 2013"]
[Source "ChessBase"]
[SourceDate "2012.11.22"]
[SourceVersion "1"]
[SourceVersionDate "2012.11.22"]
[SourceQuality "1"]
[WhiteTeam "Cambridge"]
[BlackTeam "Anglian Avengers"]
[WhiteTeamCountry "ENG"]
[BlackTeamCountry "ENG"]

1. d4 Nf6 2. c4 c5 3. d5 d6 4. Nc3 h6 5. e4 g5 6. f3 Nbd7 7. Qa4 Qb6 8. h4 Bg7 9. Nge2 Nh5 10. hxg5 hxg5 11. Qb5 g4 12. fxg4 Nhf6 13. Rxh8+ Bxh8 14. g5 Ng4 15. g6 fxg6 16. Nf4 a6 17. Qxb6 Nxb6 18. Nxg6 Bd4 19. Be2 Kf7 20. Nf4 Ne5 21. Bh5+ Kf6 22. Nce2 Nbxc4 23. Nxd4 cxd4 24. b3 Ne3 25. Bxe3 dxe3 26. Ke2 Kg5 27. Kxe3 Bg4 28. Bxg4 Nxg4+ 29. Kf3 Rf8 30. g3 Ne5+ 31. Ke3 Rc8 32. Ne2 Rc2 33. Rc1 Rxa2 34. Rc7 Ng4+ 35. Kd3 Nf2+ 36. Ke3 Nxe4 37. Kxe4 Rxe2+ 38. Kf3 Re5 39. Rxb7 Kf6 40. Rb6 Rxd5 41. Rxa6 Rd3+ 42. Kf4 Rxb3 43. Ra8 e5+ 44. Kg4 Ke6 45. Kh4 d5 46. Ra6+ Kf5 47. g4+ Ke4 48. g5 Rb1 49. Kh5 d4 50. g6 Rg1 51. Kh6 d3 52. g7 d2 53. Rd6 d1Q 54. Rxd1 Rxd1 0-1

[Event "BCF-chTb 1112 (4NCL)"]
[Site "England"]
[Date "2012.03.31"]
[Round "7.85"]
[White "McDonald, Neil R"]
[Black "Alfred, Nathan"]
[Result "1-0"]
[WhiteElo "2457"]
[BlackElo "2284"]
[PlyCount "55"]
[EventDate "2011.11.12"]
[EventType "team-tourn"]
[EventRounds "7"]
[EventCountry "ENG"]
[SourceTitle "EXT 2013"]
[Source "ChessBase"]
[SourceDate "2012.11.22"]
[SourceVersion "1"]
[SourceVersionDate "2012.11.22"]
[SourceQuality "1"]
[WhiteTeam "Wood Green Hilsmark II"]
[BlackTeam "Cambridge"]
[WhiteTeamCountry "ENG"]
[BlackTeamCountry "ENG"]

1. e4 e6 2. d4 d5 3. Nd2 Nf6 4. e5 Nfd7 5. Ngf3 c5 6. c3 Nc6 7. Bd3 Be7 8. 0-0 g5 9. dxc5 Nxc5 10. Bb5 Bd7 11. Re1 Qb6 12. a4 0-0-0 13. Bf1 f5 14. exf6 Bxf6 15. b4 g4 16. bxc5 Qc7 17. Nd4 Nxd4 18. cxd4 Bxd4 19. Ra2 Bxf2+ 20. Kxf2 Qxh2 21. Ke2 e5 22. Kd3 e4+ 23. Kc2 Bf5 24. Kb2 Qe5+ 25. Ka3 d4 26. Nb3 Rd5 27. Bc4 Rxc5 28. Qxd4 1-0

[Event "Nancy-B 10th"]
[Site "Nancy"]
[Date "2012.02.26"]
[Round "9"]
[White "Ravot, Sylvain"]
[Black "Alfred, Nathan"]
[Result "1/2-1/2"]
[WhiteElo "2279"]
[BlackElo "2288"]
[PlyCount "84"]
[EventDate "2012.02.20"]
[EventType "tourn"]
[EventRounds "9"]
[EventCountry "FRA"]
[EventCategory "4"]
[SourceTitle "CBM 147 Extra"]
[Source "ChessBase"]
[SourceDate "2012.04.24"]
[SourceVersion "1"]
[SourceVersionDate "2012.04.24"]
[SourceQuality "1"]

1. d4 Nf6 2. c4 g6 3. Nf3 Bg7 4. g3 0-0 5. Bg2 d6 6. 0-0 Nbd7 7. Nc3 e5 8. e4 exd4 9. Nxd4 Re8 10. h3 a6 11. Be3 Rb8 12. b3 Nc5 13. Qc2 Bd7 14. b4 Ne6 15. Nb3 Nh5 16. Rad1 Ng5 17. g4 Nxh3+ 18. Bxh3 Qh4 19. Bg2 Bxg4 20. Ne2 Be5 21. f4 Bxe2 22. fxe5 Bxf1 23. Rxf1 Rxe5 24. Bd4 Rg5 25. Qf2 Qxf2+ 26. Rxf2 Re8 27. Kh2 Rxg2+ 28. Kxg2 Rxe4 29. Rd2 f5 30. c5 Nf4+ 31. Kf2 g5 32. cxd6 cxd6 33. Na5 g4 34. Nxb7 g3+ 35. Kf3 g2 36. Ba7 d5 37. a3 d4 38. Rxd4 Re3+ 39. Kf2 Re2+ 40. Kf3 Re3+ 41. Kf2 Re2+ 42. Kf3 Re3+ 1/2-1/2

[Event "Basel Hilton op 14th"]
[Site "Basel"]
[Date "2012.01.04"]
[Round "6"]
[White "Dunn, Alan Stephan"]
[Black "Alfred, Nathan"]
[Result "1/2-1/2"]
[WhiteElo "2135"]
[BlackElo "2288"]
[PlyCount "36"]
[EventDate "2012.01.01"]
[EventType "swiss"]
[EventRounds "7"]
[EventCountry "SUI"]
[SourceTitle "CBM 146 Extra"]
[Source "ChessBase"]
[SourceDate "2012.02.29"]
[SourceVersion "1"]
[SourceVersionDate "2012.02.29"]
[SourceQuality "1"]

1. e4 g6 2. d4 d6 3. h3 Bg7 4. Nf3 Nf6 5. Bd3 0-0 6. 0-0 c5 7. c3 Nc6 8. Re1 e5 9. dxc5 dxc5 10. Be3 Qe7 11. Qc2 Nh5 12. Nbd2 Nf4 13. Bf1 Be6 14. a4 Rac8 15. Nc4 Rfd8 16. Rad1 f6 17. Rxd8+ Rxd8 18. Rd1 Bf8 1/2-1/2

[Event "Basel Hilton op 14th"]
[Site "Basel"]
[Date "2012.01.02"]
[Round "3"]
[White "Alfred, Nathan"]
[Black "Paul, Mathias1111"]
[Result "1-0"]
[WhiteElo "2288"]
[BlackElo "2073"]
[PlyCount "67"]
[EventDate "2012.01.01"]
[EventType "swiss"]
[EventRounds "7"]
[EventCountry "SUI"]
[SourceTitle "CBM 146 Extra"]
[Source "ChessBase"]
[SourceDate "2012.02.29"]
[SourceVersion "1"]
[SourceVersionDate "2012.02.29"]
[SourceQuality "1"]

1. d4 Nf6 2. Nf3 g6 3. c4 Bg7 4. Nc3 d6 5. e4 0-0 6. Be2 e5 7. 0-0 Nc6 8. d5 Ne7 9. Bg5 Ne8 10. Nd2 h6 11. Bh4 f5 12. exf5 gxf5 13. Nb3 Nf6 14. c5 Ng6 15. Bxf6 Bxf6 16. g3 Kh7 17. Rc1 a6 18. Kh1 Rb8 19. Rc2 Bd7 20. Bf3 Qe7 21. c6 Be8 22. cxb7 e4 23. Bg2 Rxb7 24. Nd4 Bd7 25. Nc6 Qg7 26. Qe2 Rb6 27. f3 Bxc6 28. dxc6 Bxc3 29. Rxc3 d5 30. fxe4 fxe4 31. Rxf8 Qxf8 32. Rc1 Qd6 33. Qf2 Ne5 34. Qxb6 1-0

[Event "London Classic op"]
[Site "London"]
[Date "2011.12.06"]
[Round "4"]
[White "Alfred, Nathan"]
[Black "Ansell, Simon"]
[Result "1-0"]
[WhiteElo "2294"]
[BlackElo "2389"]
[PlyCount "211"]
[EventDate "2011.12.03"]
[EventType "swiss"]
[EventRounds "9"]
[EventCountry "ENG"]
[SourceTitle "CBM 145 Extra"]
[Source "ChessBase"]
[SourceDate "2012.01.03"]
[SourceVersion "1"]
[SourceVersionDate "2012.01.03"]
[SourceQuality "1"]

1. d4 d5 2. c4 c6 3. Nf3 Nf6 4. Nc3 dxc4 5. a4 Bf5 6. e3 e6 7. Bxc4 Bb4 8. 0-0 0-0 9. Qe2 Nbd7 10. Rd1 Bg6 11. Ne5 Qa5 12. Nxg6 hxg6 13. Bd2 Rad8 14. Be1 e5 15. d5 Qc7 16. e4 a5 17. Rac1 Qb6 18. Kh1 Bc5 19. Rb1 Bd4 20. f3 Rfe8 21. Qc2 Nf8 22. Qb3 Qxb3 23. Bxb3 N8d7 24. Ne2 Bb6 25. dxc6 bxc6 26. Bc4 Ra8 27. Rd6 Rec8 28. Rbd1 Rc7 29. g4 Raa7 30. Kg2 Kf8 31. Bc3 Bc5 32. R6d2 Ke7 33. Nc1 Rcb7 34. Nd3 Bd6 35. Rc2 Ne8 36. h4 Nc7 37. Be1 Ne8 38. Bf2 Ra8 39. Ba2 Rc8 40. Rdc1 Nb8 41. Be1 Ra7 42. Bf2 Rb7 43. Be1 Ra7 44. Nc5 Nf6 45. Bf2 Ra8 46. Nb7 Bb4 47. Nc5 Rd8 48. Bc4 Rd2 49. Rxd2 Bxd2 50. Rd1 Bb4 51. Be3 Ne8 52. Bg5+ f6 53. Be3 Ra7 54. Kf2 Rc7 55. Ke2 Nd6 56. Bb3 Nd7 57. Nd3 Rb7 58. Ba2 Nc8 59. Nxb4 Rxb4 60. b3 Rb8 61. Rc1 Kd6 62. Bd2 Nc5 63. Rd1 Ke7 64. Ke3 Nb7 65. h5 gxh5 66. gxh5 Ncd6 67. Rg1 Ne8 68. b4 axb4 69. Bxb4+ c5 70. Ba3 Ra8 71. Bb3 Kd7 72. Bb2 Nbd6 73. Bc3 c4 74. Bc2 Kc6 75. a5 Nb5 76. Ba4 Kc5 77. Bxb5 Kxb5 78. Rb1+ Kc6 79. Rb6+ Kc7 80. Bb4 Rd8 81. Rb5 Rd3+ 82. Ke2 Rb3 83. Rc5+ Kb7 84. Rxc4 Nc7 85. Bd2 Ne6 86. Be3 Rb2+ 87. Kd3 Nc7 88. Bb6 Na6 89. Rc1 Rg2 90. Rg1 Rxg1 91. Bxg1 Nc7 92. Kc4 Kc6 93. Be3 Ne6 94. a6 Nc7 95. a7 Kb7 96. Bc5 Ne6 97. Be3 Nc7 98. Kc5 Kxa7 99. Kd6+ Kb7 100. Ke7 Kc6 101. Kf7 Kd7 102. Kxg7 Ke6 103. h6 Ne8+ 104. Kg8 f5 105. Bg5 fxe4 106. h7 1-0

[Event "London Classic op"]
[Site "London"]
[Date "2011.12.05"]
[Round "3"]
[White "Lee, Kai Jie Edward"]
[Black "Alfred, Nathan"]
[Result "0-1"]
[WhiteElo "2003"]
[BlackElo "2294"]
[PlyCount "98"]
[EventDate "2011.12.03"]
[EventType "swiss"]
[EventRounds "9"]
[EventCountry "ENG"]
[SourceTitle "CBM 145 Extra"]
[Source "ChessBase"]
[SourceDate "2012.01.03"]
[SourceVersion "1"]
[SourceVersionDate "2012.01.03"]
[SourceQuality "1"]

1. e4 g6 2. d4 Bg7 3. c4 d6 4. Nc3 Nf6 5. f3 0-0 6. Be3 c5 7. Nge2 Nc6 8. Qd2 a6 9. Rc1 Qa5 10. a3 Nd7 11. d5 Nce5 12. Ng3 b5 13. cxb5 c4 14. f4 Nd3+ 15. Bxd3 cxd3 16. Qxd3 axb5 17. 0-0 b4 18. axb4 Qxb4 19. Qd2 Nc5 20. Bxc5 Qxc5+ 21. Kh1 Ba6 22. Rfe1 Rab8 23. e5 Qb4 24. Rc2 dxe5 25. fxe5 Rfd8 26. Qe3 Bc4 27. Rd2 Qb3 28. d6 exd6 29. exd6 Be6 30. Nge4 Qb6 31. Qf4 Qb4 32. Qg3 Ra8 33. Qh4 Kh8 34. Qf2 Ra5 35. Red1 Rh5 36. Ng3 Rh4 37. d7 Qg4 38. Qb6 Bf6 39. Nce4 Be7 40. Qd4+ f6 41. Qa7 Kg8 42. Qc7 f5 43. Nc5 f4 44. Nf1 f3 45. g3 f2 46. Kg2 Rf8 47. Qb6 Rxh2+ 48. Nxh2 Qh3+ 49. Kh1 f1R+ 0-1

[Event "Paris-ch op-A 86th"]
[Site "Paris"]
[Date "2011.07.04"]
[Round "3"]
[White "Zysk, Robert"]
[Black "Alfred, Nathan"]
[Result "1-0"]
[WhiteElo "2437"]
[BlackElo "2275"]
[PlyCount "95"]
[EventDate "2011.07.02"]
[EventType "swiss"]
[EventRounds "9"]
[EventCountry "FRA"]
[SourceTitle "CBM 143 Extra"]
[Source "ChessBase"]
[SourceDate "2011.08.29"]
[SourceVersion "1"]
[SourceVersionDate "2011.08.29"]
[SourceQuality "1"]

1. Nf3 Nf6 2. c4 g6 3. g3 Bg7 4. Bg2 0-0 5. 0-0 d6 6. d4 Nc6 7. Nc3 a6 8. Bd2 e5 9. d5 Ne7 10. e4 Ne8 11. Ne1 f5 12. Nd3 c5 13. a4 fxe4 14. Nxe4 Nf5 15. b4 cxb4 16. Bxb4 Nd4 17. c5 Bf5 18. Rb1 Rf7 19. cxd6 Bxe4 20. Bxe4 Nxd6 21. Bg2 a5 22. Bc5 Rc8 23. Re1 e4 24. Bb6 Qf6 25. Bxe4 Nxe4 26. Rxe4 Nf3+ 27. Kg2 g5 28. Ne1 Ne5 29. Bd4 Qf5 30. Qe2 Rcf8 31. Rb5 g4 32. Rf4 Qh5 33. Bxe5 Re8 34. d6 Rxe5 35. Rxe5 Qxe5 36. Qxe5 Bxe5 37. Rxg4+ Kf8 38. Rg5 Bxd6 39. Rxa5 Bb4 40. Re5 Re7 41. Rxe7 Kxe7 42. Nd3 Bc3 43. Kf3 Kd6 44. Ke4 Kc6 45. f4 Kb6 46. Kd5 Ka5 47. Nc5 b6 48. Nd7 1-0

[Event "Basel Hilton op 13th"]
[Site "Basel"]
[Date "2011.01.02"]
[Round "3"]
[White "Alfred, Nathan"]
[Black "Ibrahimov, Rasul"]
[Result "1/2-1/2"]
[WhiteElo "2268"]
[BlackElo "2538"]
[PlyCount "46"]
[EventDate "2011.01.01"]
[EventType "swiss"]
[EventRounds "7"]
[EventCountry "SUI"]
[SourceTitle "EXT 2012"]
[Source "ChessBase"]
[SourceDate "2011.11.24"]
[SourceVersion "1"]
[SourceVersionDate "2011.11.24"]
[SourceQuality "1"]

1. e4 c5 2. Nf3 d6 3. d4 cxd4 4. Nxd4 Nf6 5. Nc3 a6 6. Be2 e5 7. Nb3 Be7 8. 0-0 0-0 9. Kh1 Nc6 10. f4 b5 11. Qe1 Bb7 12. a3 Nd4 13. Bd3 Nxb3 14. cxb3 Rc8 15. Qg3 Nh5 16. Qh3 Nxf4 17. Bxf4 exf4 18. Rxf4 g6 19. Raf1 Rc7 20. b4 Bg5 21. R4f2 Re7 22. Bc2 Bc8 23. Qd3 Be6 1/2-1/2